000 00326nam a2200133Ia 4500
005 20260326100043.0
008 260326s9999||||xx |||||||||||||| ||und||
100 _aMercandino, Cesare
245 0 _aImpianti Sportivi /
_cCesare Mercandino
260 _bGorlich
300 _a432 p.
650 _aARQUITECTURA CIVIL
942 _cBK
999 _c7088
_d7088